000 00666nam a2200193 a 4500
001 000025810
005 20200930024051.0
008 100308s1979 ag a 000 d spa d
040 _aDO-SdBNP
_bspa
_cBNPHU
082 _a693.21
_bR452i
100 1 _aReverté, Pedro.
_952635
245 1 3 _aLa industria ladrillera :
_bmoldeo manual y mecánico de los ladrillos, secaderos y hornos modernos. Normas para el empleo de las ladrillos de las obras /
_cPedro Reverté.
250 _a3a ed.
260 _aBuenos Aires :
_bReverté,
_c1979.
300 _a338 p. :
_bil. ;
_c22 cm.
650 4 _aLadrillos
_952636
650 4 _aIndustria de la arcilla
_952637
049 _aBNPD
999 _c25302
_d25302